000 00445nam a2200181Ia 4500
001 20322
005 20260306172757.0
008 260306t2008||||xx |||||||||||||| ||spa||
041 _aESP
082 _a343.2
_bC241
100 _aCianciardo, Juan
_eAUT
245 0 _aUna introducción a los principios constitucionales
260 _c2008
300 _a81 páginas :
_c18 cm.
650 _aGEN
654 _aCDE
942 _cLIB
_dJUS
_fJUS
_2ddc
_n
999 _c20322
_d20322